书目信息 |
| 题名: |
公证法学
|
|
| 作者: | 江伟 主编 | |
| 分册: | ||
| 出版信息: | 北京 法律出版社 1996.06 |
|
| 页数: | 282页 | |
| 开本: | 32开 | |
| 丛书名: | ||
| 单 册: | ||
| 中图分类: | D916.6 | |
| 科图分类: | ||
| 主题词: | 法学--部门 | |
| 电子资源: | ||
| ISBN: | 7-5036-1159-6 | |
| 000 | 00527nam0 2200193 45 | |
| 001 | 0010231076 | |
| 005 | 20001023104806.3 | |
| 010 | @a7-5036-1159-6@d10.20元 | |
| 100 | @a20001023d1996 km y0chiy0120 ea | |
| 101 | 0 | @achi |
| 105 | @a z 000yy | |
| 200 | 1 | @a公证法学@AGong Zheng Fa Xue@f江伟主编@FJiang Wei Zhu Bian |
| 210 | @a北京@c法律出版社@d1996.06 | |
| 215 | @a282页@d32开 | |
| 606 | 0 | @a法学@x部门 |
| 690 | @aD916.6@v3 | |
| 701 | 0 | @a江伟@4主编 |
| 801 | @aCN@bPftUser@c20001023 | |
| 905 | @b183590-592@dD916.6@eJ.125@f3 | |
| 公证法学/江伟主编.-北京:法律出版社,1996.06 |
| 282页;32开 |
| ISBN 7-5036-1159-6:10.20元 |
| ● |
| 相关链接 |
|
|
|
正题名:公证法学
索取号:D916.6/J.125
 
预约/预借
| 序号 | 登录号 | 条形码 | 馆藏地/架位号 | 状态 | 备注 |
| 1 | 167048 | 201670487 | 社科库509/509社科库 82排5列5层/ [索取号:D916.6/J.125] | 在馆 | |
| 2 | 167049 | 201670496 | 社科库509/509社科库 82排5列5层/ [索取号:D916.6/J.125] | 在馆 | |
| 3 | 167050 | 201670502 | 社科库509/509社科库 82排5列5层/ [索取号:D916.6/J.125] | 在馆 | |
| 4 | 183590 | 201835906 | 社科库509/509社科库 82排5列5层/ [索取号:D916.6/J.125] | 在馆 | |
| 5 | 183591 | 201835915 | 社科库509/509社科库 82排5列5层/ [索取号:D916.6/J.125] | 在馆 | |
| 6 | 183592 | 201835924 | 社科库509/ [索取号:D916.6/J.125] | 在馆 |